000 00726nam a2200253 i 4500
001 000036504
003 DO-SdBNP
005 20231016083306.0
007 ta
008 120119s1975 dr a 000 0 spa d
040 _aDO-SdBNP
_bspa
_cBNPHU
_erda
082 4 _bA524e
_222
245 0 3 _aEl amor y su expresión.
264 _aSanto Domingo :
_bEducación Educativa,
_c1975.
300 _a127 páginas :
_bilustraciones ;
_c21 cm.
336 _2rdacontent
_atexto
_btxt
337 _2rdamedia
_asin mediación
_bn
338 _2rdacarrier
_avolumen
_bnc
490 _aEducación sexual
_v4
500 _aIncluye notas al pie de las páginas.
590 _aInventariado, 2023/BT
910 _aBtavárez
942 _2ddc
_cLBS1
999 _c35995
_d35995